| 000 | 00620nam a2200169Ia 4500 | ||
|---|---|---|---|
| 008 | 090711s9999 xx 000 0 und d | ||
| 082 | _b72009 | ||
| 100 | _aबर्वे राजेंद्र | ||
| 245 | _aमानसिक ताणतणाव कसा रोखाल ? | ||
| 260 | _c1993 | ||
| 300 | _a123 | ||
| 600 | _aबर्वे राजेंद्र | ||
| 630 | _aमानसिक ताणतणाव कसा रोखाल ? | ||
| 700 | _aबर्वे राजेंद्र | ||
| 730 | _aमानसिक ताणतणाव कसा रोखाल ? | ||
| 942 | _cBOOK | ||
| 999 |
_c316215 _d316215 |
||